Opening Day Lineups: Kansas City Royals - Statistics

General Stats
  • This quiz has been taken 434 times
    82 since last reset
  • The average score is 31 of 71
Answer Stats
# Starts Answer % Correct
10 Alex Gordon
98%
4 Bobby Witt Jr.
98%
11 Salvador Pérez
98%
6 Eric Hosmer
95%
7 Mike Moustakas
93%
8 Alcides Escobar
86%
6 Lorenzo Cain
86%
1 Maikel Garcia
86%
3 Vinnie Pasquantino
86%
2 Cole Ragans
79%
5 Billy Butler
74%
3 Zack Greinke
74%
2 Michael Massey
71%
1 Yordano Ventura
71%
2 Hunter Renfroe
67%
2 Kendrys Morales
67%
3 Kyle Isbel
67%
1 Kyle Isbel
67%
3 MJ Melendez
67%
5 Whit Merrifield
67%
4 Adalberto Mondesi
64%
1 Alex Rios
62%
1 Jonathan India
62%
3 Omar Infante
62%
3 Danny Duffy
55%
1 Edinson Vólquez
55%
2 James Shields
55%
3 Nicky Lopez
55%
1 Norichika Aoki
55%
1 Maikel Franco
50%
4 Jorge Soler
48%
1 Adam Frazier
45%
2 Carlos Santana
43%
1 Cavan Biggio
43%
2 Andrew Benintendi
38%
4 Hunter Dozier
38%
2 Michael A. Taylor
38%
2 Brad Keller
36%
1 Brad Keller
36%
1 Paulo Orlando
33%
1 Melky Cabrera
31%
1 Drew Butera
29%
3 Jeff Francoeur
29%
1 Lucas Duda
29%
1 Nelson Velázquez
29%
1 Billy Hamilton
26%
1 Brandon Moss
26%
1 Martin Maldonado
26%
3 Chris Getz
24%
2 Yuniesky Betancourt
24%
1 David DeJesus
21%
1 Cheslor Cuthbert
17%
1 Edward Olivares
17%
1 Franmil Reyes
17%
1 Jon Jay
17%
1 Luke Hochevar
17%
1 Brayan Peña
14%
1 Bubba Starling
14%
1 Chris Owings
14%
1 Mike Aviles
14%
1 Ryan McBroom
14%
1 Jason Kendall
12%
1 Jose Guillen
12%
1 Rick Ankiel
12%
1 Bruce Chen
10%
1 Reymond Fuentes
10%
1 Scott Podsednik
10%
1 Frank Schwindel
7%
1 Kila Ka'aihue
7%
1 Matt Treanor
7%
1 Willie Bloomquist
7%
No matching quizzes found
Score Distribution
Percent of People with Each Score
Percentile by Number Answered
Your Score History
You have not taken this quiz since the last reset